NBA Teams by Jersey - Statistics

General Stats
  • This quiz has been taken 509 times
  • The average score is 20 of 28
Answer Stats
Picture Answer % Correct
Toronto Raptors
91%
Atlanta Hawks
90%
Philadelphia 76ers
90%
Los Angeles Lakers
83%
Boston Celtics
81%
Charlotte Hornets
79%
Oklahoma City Thunder
78%
Washington Wizards
77%
Chicago Bulls
76%
San Antonio Spurs
76%
Golden State Warriors
75%
Minnesota Timberwolves
74%
Milwaukee Bucks
73%
Brooklyn Nets
72%
Detroit Pistons
72%
Orlando Magic
72%
Portland Trailblazers
72%
Denver Nuggets
71%
Sacramento Kings
71%
Phoenix Suns
70%
Indiana Pacers
66%
New York Knicks
65%
New Orleans Pelicans
63%
Los Angeles Clippers
62%
Miami Heat
61%
Dallas Mavericks
54%
Houston Rockets
53%
Utah Jazz
53%
No matching quizzes found
Score Distribution
Percent of People with Each Score
Percentile by Number Answered
Your Score History
You have not taken this quiz